000 00815nam a22001817a 4500
003 UA-OsUOA
001 18265
007 ta
008 20040426b un ||||| |||| 00| 0 ukr d
100 _aБіліба В.
942 _cSA
040 _aUA-OsUOA
_cUA-OsUOA
_dUA-OsUOA
245 _aКонкуренція заперечує вибір
_b[Розмова з головою Рівнен. обл. територ. від-ня Антимонопол. комітету України В. Білібою, який займається захистом споживачів і підприємців]/Розмовляла Т.Ісаєва
300 _aС.3
955 _a0
773 0 _w0
_tВісті Рівненщини
_dРівне
_d2004
_g№32/2 квіт./
650 7 _aАнтимонопольний комітет
_2UDC
999 _c304436
_d304436